Каталог-справочник мировой коллекции ВИР. Вып. 817: Соя (Запись № 10197877)

Подробности
000 -МАРКЕР
контрольное поле 02067nam2a2200277 i 4500
001 - ИДЕНТИФИКАТОР ЗАПИСИ
контрольное поле RU\NLR\BIBL_A\010516586
005 - ИДЕНТИФИКАТОР ВЕРСИИ
контрольное поле 20241225192152.0
021 ## - НОМЕР ГОСУДАРСТВЕННОЙ РЕГИСТРАЦИИ
Код страны Российская Федерация
Номер 2014-63092
Номер Листа государственной регистраци 3841
035 ## - ДРУГИЕ СИСТЕМНЫЕ НОМЕРА
Идентификатор записи (NLR Aleph) 010516586
100 ## - ДАННЫЕ ОБЩЕЙ ОБРАБОТКИ
Данные общей обработки 20141029d2014 um y0rusy50 ca
101 0# - ЯЗЫК РЕСУРСА
Язык текста, звукозаписи и т.д. русский
102 ## - СТРАНА ПУБЛИКАЦИИ ИЛИ ПРОИЗВОДСТВА
Страна публикации Российская Федерация
105 ## - ПОЛЕ КОДИРОВАННЫХ ДАННЫХ: ТЕКСТОВЫЕ МАТЕРИАЛЫ, МОНОГРАФИЧЕСКИЕ
Кодированные данные о монографическом текстовом документе y|||g|||000yy
200 1# - ЗАГЛАВИЕ И СВЕДЕНИЯ ОБ ОТВЕТСТВЕННОСТИ
Основное заглавие Соя
Сведения, относящиеся к заглавию исходный материал для селекции в южных регионах Российской Федерации.
Первые сведения об ответственности Рос. акад. с.х. наук, Гос. науч. учреждение Всерос НИИ растениеводства им. Н.И. Вавилова, Рос. акад. с.х. наук (ГНУ ВИР Россельхозакадемии)
Последующие сведения об ответственности [сост.: к.с.-х.н. А.И. Бойко и др.
-- под ред.: д.б.н. М.А. Вишняковой]
210 ## - ПУБЛИКАЦИЯ, РАСПРОСТРАНЕНИЕ И ДР.
Место издания, распространения и т.д. Санкт-Петербург
Имя издателя, распространителя и т. д. сектор редакционно-издательской деятельности ВИР.
Дата издания, распространения и т.д. 2014
215 ## - ФИЗИЧЕСКАЯ ХАРАКТЕРИСТИКА
Специфическое обозначение материала и объем 36, [1] с.
461 #1 - УРОВЕНЬ НАБОРА
Встроенное поле 001rc\4746805
-- 2001#$aКаталог-справочник мировой коллекции ВИР$vВып. 817
Идентификатор связанной записи rc\4746805
Системный номер (АБИС) связанной записи 9347765
Автор Всероссийский институт генетических ресурсов растений им. Н. И. Вавилова (Санкт-Петербург)
Место публикации Ленинград
Дата публикации 1961-
Первые сведения об ответственности Всесоюз. ордена Ленина акад. с.-х. наук им. В.И. Ленина. Всесоюз. науч.-исслед. ин-т растениеводства
Имя издателя, распространителя и т.д. Б. и.
Сведения, относящиеся к заглавию Вып. 1-
Заглавие Каталог-справочник мировой коллекции ВИР
Номер тома Вып. 817
606 1# - НАИМЕНОВАНИЕ ТЕМЫ КАК ПРЕДМЕТ
Наименование темы Соя
Формальный подзаголовок Каталоги
Тематический подзаголовок Сорта
-- Коллекции
Системный номер авторитетной/нормативной записи 2204226
Идентификатор авторитетной/нормативной записи RU\NLR\AUTH\6601558987
686 1# - ИНДЕКСЫ ДРУГИХ КЛАССИФИКАЦИЙ
Индекс П213.6-36
702 #1 - ИМЯ ЛИЦА - ВТОРИЧНАЯ ОТВЕТСТВЕННОСТЬ
Начальный элемент ввода Бойко
Часть имени, кроме начального элемента ввода А. П.
Расширение инициалов личного имени Александр Павлович
Код отношения Составитель
702 #1 - ИМЯ ЛИЦА - ВТОРИЧНАЯ ОТВЕТСТВЕННОСТЬ
Начальный элемент ввода Вишнякова
Часть имени, кроме начального элемента ввода М. А.
Расширение инициалов личного имени Маргарита Афанасьевна
Код отношения Редактор
942 ## - ДОПОЛНИТЕЛЬНЫЕ ЭЛЕМЕНТЫ ЗАПИСИ (АБИС)
Тип экземпляра АБИС Книга
980 ## - КОЛЛЕКЦИЯ
Название коллекции НБР

Нет доступных экземпляров.